| 000 | 00607cam a22001937a 4500 | ||
|---|---|---|---|
| 001 | 002151 | ||
| 003 | armpunfd | ||
| 005 | 20140612090700.0 | ||
| 008 | 080422e0####xx#a##########000#0#und#d | ||
| 040 |
_aarmpunfd _carmpunfd |
||
| 080 | _a343 D 15 | ||
| 100 | 1 | 0 | _aD Albora Nicolas F |
| 245 | 1 | 0 | _aCodigo procesal penal de la nacion anotado comentado y concordado 2 |
| 260 |
_a Uenos Aires : Lexisnexis Abeledo- Perrot _b2005. Isbn: 950-20-1664-5. 1234 P. |
||
| 650 | 7 |
_a Codigo Procesal Penal De Nacion _2LEMB |
|
| 650 | 7 |
_a Legislacion _2LEMB |
|
| 942 |
_cLB _2cdu |
||
| 945 |
_aCatalis _d2010-08-19 |
||
| 999 |
_c2141 _d232645 |
||